Využitie metód multikriteriálneho hodnotenia ako analytického východiska pri ohodnocovaní podnikov
Využitie metód multikriteriálneho hodnotenia. Využitie týchto metód i pre medzipodnikové porovnávanie a pri analýze postavenia podniku na trhu. Najčastejšie používanié metódy multikriteriálneho hodnotenia: bodové metódy, výpočet indexu celkovej výkonnosti, metóda normovanej premennej, metóda vzdiale...
Gespeichert in:
| 1. Verfasser: | |
|---|---|
| Format: | Buchkapitel |
| Sprache: | Slowakisch |
| Schlagworte: | |
| Tags: |
Keine Tags, Fügen Sie das erste Tag hinzu!
|
MARC
| LEADER | 00000naa$a2200000$$$4500 | ||
|---|---|---|---|
| 001 | 0023473 | ||
| 005 | 20230808081615.1 | ||
| 041 | 0 | |a slo | |
| 044 | |a SK | ||
| 245 | 1 | 0 | |a Využitie metód multikriteriálneho hodnotenia ako analytického východiska pri ohodnocovaní podnikov |c Renáta Nováková |
| 520 | |a Využitie metód multikriteriálneho hodnotenia. Využitie týchto metód i pre medzipodnikové porovnávanie a pri analýze postavenia podniku na trhu. Najčastejšie používanié metódy multikriteriálneho hodnotenia: bodové metódy, výpočet indexu celkovej výkonnosti, metóda normovanej premennej, metóda vzdialenosti od fiktívneho objektu a pod. Východisková matica pre metódy multikriteriálneho hodnotenia. Štruktúra skupín ukazovateľov pre výpočet indexu celkovej výkonnosti (ICV). | ||
| 610 | 2 | 0 | |a ohodnocovanie podniku |
| 610 | 2 | 0 | |a ukazovatele |
| 610 | 2 | 0 | |a metódy |
| 610 | 2 | 0 | |a indexy |
| 100 | 1 | |a Nováková, Renáta | |